La autoridad

Saved in:
Bibliographic Details
Main Author: Friedrich, Carl Joachim (Author)
Format: Book
Language:Spanish
Published: Ciudad de México Roble 1969
Edition:1a. ed
Series:Nomos, 1
Subjects:
Tags: Add Tag
No Tags, Be the first to tag this record!

MARC

LEADER 00000cam a2200000 a 4500
001 UCT6219
003 CL-VaPUC
008 970106e19690000MX |||||||||||||||||spa|d
082 0 4 |a 320.011  |b FRI  |2 21 
100 0 |a Friedrich, Carl Joachim  |e author  |9 376133 
245 1 3 |a La autoridad 
250 |a 1a. ed 
300 |a 281 p 
942 |c BK 
945 |d 19970106 00:00:00  |a paguirre 
260 |a Ciudad de México  |b Roble  |c 1969 
650 0 |a Autoridad   |9 257105 
650 0 |a Libertad  |9 255686 
650 0 |a Política  |9 255312 
650 7 |a PODER SOCIAL  |2 CL-VaPUC  |9 376134 
650 0 |a Liderazgo  |9 271835 
650 0 |a Poder político  |9 255509 
650 0 |a Responsabilidad moral  |9 311092 
583 |a last modification  |c 20160616 09:46:59  |k Rodrigo Vera 
490 0 |a Nomos, 1 
999 |c 254935  |d 254933 
952 |0 0  |1 0  |4 0  |6 320_011000000000000_FRI_1969  |7 0  |8 DER_TF  |9 276920  |a BIBDER  |b BIBDER  |d 2019-11-19  |i 1800612  |o 320.011 FRI 1969  |p 1800612  |r 2023-01-25  |w 2019-11-19  |x Ubicación 4to Piso  |y BK  |z Estos recursos deben solicitarse con anticipación  |k DER 
952 |0 0  |1 0  |3 erb  |4 0  |6 320_011000000000000_FRI_1969  |7 0  |8 A  |9 276921  |a FDOHBE  |b FDOHBE  |e Huesbe Llanos, Marco Antonio, 1934-  |i 5333725  |o 320.011 FRI 1969  |p 5333725  |r 2024-01-30  |w 2019-11-19  |y BK  |z Catalogado en:20160616  |k HBE